Data Analysis Using SQL and Excel. (Record no. 169)

MARC details
005 - DATE AND TIME OF LATEST TRANSACTION
control field 20250617154440.0
020 ## - INTERNATIONAL STANDARD BOOK NUMBER
International Standard Book Number 978-1-119-02143-8
082 ## - DEWEY DECIMAL CLASSIFICATION NUMBER
Classification number 005.7585 LIN
100 ## - MAIN ENTRY--PERSONAL NAME
Author name LINOFF, G. S.
245 ## - TITLE STATEMENT
Title Data Analysis Using SQL and Excel.
300 ## - PHYSICAL DESCRIPTION
Extent xlvi,744p.: ill.; figure, table
Other physical details Index
Dimensions 23cm
856 ## - ELECTRONIC LOCATION AND ACCESS
Link text Access online book
Electronic name Data Analysis
Path www.wiley.com
942 ## - ADDED ENTRY ELEMENTS (KOHA)
Source of classification or shelving scheme Dewey Decimal Classification
Koha item type Books
Holdings
Date last seen Total checkouts Full call number Barcode Cost, replacement price Price effective from Koha item type Lost status Source of classification or shelving scheme Damaged status Not for loan Withdrawn status Home library Current library Shelving location Date acquired Cost, normal purchase price
03/07/2025   005.7585 LIN 000000391 60000.00 03/07/2025 Books   Dewey Decimal Classification       College of Business Education Main Library College of Business Education Main Library Special Reserve Collection 03/07/2025 20000.00
03/07/2025   005.7585 LIN 000000392 60000.00 06/17/2025 Books   Dewey Decimal Classification       College of Business Education Main Library College of Business Education Main Library General Collection 03/07/2025 20000.00
03/07/2025   005.7585 LIN 000000393 60000.00 03/07/2025 Books   Dewey Decimal Classification       College of Business Education Main Library College of Business Education Main Library General Collection 03/07/2025 20000.00